000 01556nam0a2200349 4500
001 RU\NLR\bibl\1343463
005 20250615171242.0
010 _a978-5-317-02651-6
_950
021 _aRU
_b2009-1521
_978
035 _a(nilc)RSL-KNO-004229797
035 _a(NLR Aleph) 001328611
090 _a785910
_c785910
100 _a20090218d2008 |||y0rusy50 ca
101 0 _arus
102 _aRU
105 _aa |||||||||
200 1 _aИнвестиционная деятельность коммерческих банков в России
_eмонография
_fИ. О. Макин
_gМосковский гос. ун-т им. М. В. Ломоносова, Социологический фак.
210 _aМосква
_cМАКС Пресс
_d2008
215 _a134, [1] с.
_cил., табл.
_d21
320 _aБиблиогр. в конце кн. (160 назв.)
606 1 _aКоммерческие банки
_xИнвестиции капитала
_yРоссийская Федерация
_92314660
_3RU\NLR\auth\661385090
610 0 _aЭкономика -- Российская Федерация -- Финансы -- Кредитная система -- Коммерческие банки -- Инвестиции
686 _aУ9(2)262.101-56,0
_2rubbk
686 _aУ26(2)210.1-56
700 1 _aМакин
_bИ. О.
_gИван Олегович
_4070
801 0 _aRU
_bРКП
_c20090218
_grcr
801 1 _aRU
_bРГБ
_c20090218
801 2 _aRU
_bNLR
_c20090319
_grcr
830 _aпо кн
942 _cBOOK
980 _aNB